Sabe o que a girafa espiou? (Record no. 174040)

MARC details
000 -LÍDER
campo de controle de tamanho fixo 00377 a2200169 4500
001 - NÚMERO DE CONTROLE
campo de controle 174040
020 ## - ISBN - INTERNATIONAL STANDARD BOOK NUMBER
ISBN - International Standard Book Number 85-262-1597-3
040 ## - FONTE DA CATALOGAÇÃO
Instituição que transcreveu o registro Magnum
100 ## - ENTRADA PRINCIPAL--NOME PESSOAL
Nome pessoal Sallut, Elza Cesar
240 10 - TÍTULO UNIFORME
Título uniforme Sabe o que a girafa espiou?
Idioma da obra por
245 10 - TÍTULO
Título Sabe o que a girafa espiou?
300 ## - DESCRIÇÃO FÍSICA
Extensão 16
362 0# - DATAS DE PUBLICAÇÃO E/OU DESIGNAÇÃO SEQUENCIAL
Datas de publicação e/ou designação sequencial 1991
440 #1 - DECLARAÇÃO DE SÉRIE/ENTRADA ADICIONADA--TÍTULO
Título Scipione
697 ## - ENTRADA DE ASSUNTO LOCAL--ENTIDADE COLETIVA (RLIN)
Nome corporativo ou nome da jurisdição LITERATURA INFANTIL
942 ## - ELEMENTOS DE ENTRADA ADICIONADOS (KOHA)
Tipo de material Koha Livros
Holdings
Situação do descarte Situação das perdas Situação física Não pode ser emprestado Biblioteca de origem Biblioteca atual Data de aquisição Total de empréstimos Número de chamada completo Código de barras Data de último acesso Data do preço efetivo Tipo de material Koha
        Magnum Magnum 08/06/2024   869.0.385 MAG00021635 08/06/2024 08/06/2024 Livros
        Magnum Magnum 08/06/2024   869.0.385 MAG00021636 08/06/2024 08/06/2024 Livros
        Magnum Magnum 08/06/2024   869.0.385 MAG00021637 08/06/2024 08/06/2024 Livros
        Magnum Magnum 08/06/2024   869.0.385 MAG00021638 08/06/2024 08/06/2024 Livros
        Magnum Magnum 08/06/2024   869.0.385 MAG00021639 08/06/2024 08/06/2024 Livros
        Magnum Magnum 08/06/2024   869.0.385 MAG00021640 08/06/2024 08/06/2024 Livros
        Magnum Magnum 08/06/2024   869.0.385 MAG00021641 08/06/2024 08/06/2024 Livros
        Magnum Magnum 08/06/2024   869.0.385 MAG00021642 08/06/2024 08/06/2024 Livros
        Magnum Magnum 08/06/2024   869.0.385 MAG00021643 08/06/2024 08/06/2024 Livros
        Magnum Magnum 08/06/2024   869.0.385 MAG00021644 08/06/2024 08/06/2024 Livros